[Event "Biel GM"]
[Site "Biel"]
[Date "2004.07.25"]
[Round "6"]
[White "McShane, Luke J"]
[Black "Morozevich, Alexander"]
[Result "1/2-1/2"]
[WhiteElo "2643"]
[BlackElo "2743"]
[Annotator "Lukacs,P"]
[PlyCount "165"]
[EventDate "2004.07.19"]
[EventType "tourn"]
[EventRounds "10"]
[EventCountry "SUI"]
[EventCategory "18"]
[SourceTitle "CBM 102"]
[Source "ChessBase"]
[SourceDate "2004.09.23"]
[SourceVersion "1"]
[SourceVersionDate "2004.09.23"]
[SourceQuality "1"]

1. e4 e5 2. Nc3 Nf6 3. g3 Bc5 4. Bg2 c6 $5 {[%mdl 4]} 5. d3 (5. Nge2 d5 6. exd5
(6. d3 {- 5.d3}) 6... cxd5 (6... Bg4 $5 {is the gambit version.} 7. dxc6 Nxc6
8. d3 Nd4 $5 (8... Qd7 9. h3 Be6 (9... Bh5 $6 10. Be3 Nd4 11. g4 $16 {and
White will finish the development, Spangenberg-Borghi, Buenos Aires 1990.}) 10.
Bg5 O-O-O $44 {and White has problems with 0-0.}) 9. h3 (9. O-O Nd5 10. Qd2
Nf3+ 11. Bxf3 Bxf3 {The B is rather nasty here.} 12. d4 (12. Re1 O-O 13. d4
exd4 14. Nxd4 Bxd4 15. Qxd4 Nxc3 16. Qxc3 Qd5 $44 {and Black has good
attacking chances because of the ^-.}) 12... Nxc3 13. Qxc3 Bxe2 14. Qxc5 Bxf1
15. Qxe5+ Qe7 $13) 9... Bf3 (9... Nf3+ $2 10. Kf1 Bh5 11. g4 $18) 10. O-O Qd7
$44 {with some pressure on the >> for the P.}) (6... Nxd5 7. Nxd5 cxd5 8. d4
exd4 9. Nxd4 O-O 10. O-O {Now White firmly blockades the vital d4 square.} Bb6
11. Be3 Nc6 12. c3 $14 (12. Qd2 {runs into} Ne5 13. b3 Bh3 $1 14. Rad1 Bxg2 15.
Kxg2 Rc8 $13 {Mieses-Duras, St Petersburg 1909})) 7. d4 exd4 8. Nxd4 O-O (8...
Nc6 9. Qe2+ Be7 10. Be3 O-O 11. O-O $14 {with a successful blockade of the
isolated P, Dmitriev-Gavrilov, Orel 1992.}) 9. Be3 (9. O-O Bg4 10. Qd3 Bxd4 (
10... Nc6 11. Nb3 Ne5 12. Qb5) 11. Qxd4 Nc6 12. Qf4 Qd7 $13 {and White has
lost the control over >< d4, Dmitriev-B.Lengyel, Budapest 1995.}) 9... Bg4 10.
Qd3 Nbd7 (10... Bxd4 11. Bxd4 Re8+ 12. Be3 Nc6 13. O-O (13. Nxd5 Ne5 $36) 13...
Ne5 14. Qd4 Bf3 $13) 11. O-O Ne5 {Black has a nice piece play for the isolated
P.} 12. Qb5 b6 13. Rae1 Rc8 14. Qb3 Nc4 15. Nce2 Nxe3 16. fxe3 Bxe2 17. Rxe2
Re8 $11 {Finkel-Erneste, Baile Herculane 1994}) 5... d5 (5... h6 6. Nf3 Qe7 {
is a somewhat passive setup.} 7. O-O O-O 8. Be3 Na6 9. Nh4 d6 10. Qe2 Nc7 11.
Rae1 Re8 12. Bxc5 dxc5 13. f4 {White grabs the |^ on the >>.} exf4 14. Rxf4 Nh7
15. Ref1 Ng5 16. Qh5 Bh3 17. Kh1 Be6 18. Nd1 Rf8 19. Ne3 Rae8 20. Nhf5 Bxf5 21.
Nxf5 $14 {Tiller-Petursson, Graz 1978}) 6. Qe2 {/\ Nf3} (6. Nge2 $143 {is not
a good place for the N in this P structure.} dxe4 7. Nxe4 Nxe4 8. Bxe4 O-O (
8... Bh3 $5) 9. O-O Bh3 $15) 6... O-O 7. Nf3 (7. exd5 cxd5 $15 {gives up the 
[+] for nothing.}) 7... Re8 (7... Nbd7 8. O-O Re8 {and Black's setup looks
harmonious.}) 8. O-O Nbd7 9. h3 h6 10. Nh2 {It is not easy to find a plan for
White here, a Nbd2, c3 setup would be more suitable.} Nf8 11. Ng4 (11. Kh1 Ne6
12. Nf3 {This is a sad retreat.} Nd4 $15) 11... N8h7 (11... Nxg4 12. hxg4 d4
13. Nb1 {/\ f4}) 12. Nxf6+ (12. exd5 Bxg4 13. hxg4 cxd5 $15 {and Black's
strong P [+] cannot be challenged easily.}) 12... Nxf6 13. Kh2 Bd4 14. Nd1 {
This N simply cannot find his place.} Be6 15. Ne3 (15. f4 {looks active, but
with the undeveloped white pieces helps only for Black.} exf4 16. gxf4 dxe4 17.
dxe4 Bf5 18. e5 Nd5 $15) 15... b5 16. Bd2 $6 (16. c3 Bb6 (16... Bc5 $15) 17.
Bd2 {- 16.Bd2} (17. exd5 cxd5 $15)) 16... Bb6 $6 ({Why not} 16... Bxb2 17. exd5
Nxd5 18. Rab1 Bd4 19. c4 bxc4 20. dxc4 Ne7 $15 {with a healthy P up?}) ({
Or even better first} 16... dxe4 $142 17. dxe4 {and then} Bxb2 18. Rab1 Bd4 $17
{and White has nothing for the P.}) 17. c3 Qd7 18. Rfd1 Rad8 19. Be1 {White
has to defend himself passively.} a5 $15 20. b3 (20. f4 {is again premeture:}
exf4 21. gxf4 dxe4 22. dxe4 Qa7 $15) 20... Bxe3 21. exd5 Bxd5 22. Qxe3 Bxg2 23.
Kxg2 Nh7 $17 {Black has a strong centre and the space advantage.} 24. a4 bxa4
25. Rxa4 Qd5+ 26. Kh2 Qxb3 27. Rda1 Qc2 $1 28. Rxa5 Rxd3 29. Qb6 Rdd8 $5 ({
Safer was} 29... Rd6 $142 30. Ra8 Nf6 31. Qc7 Rde6 32. R1a7 Qg6 $17 {with a
healthy extra P for Black.}) 30. Qxc6 Qf5 (30... Ng5 31. h4 Ne4 32. Kg2 (32.
R5a2 Qd3 $17) 32... Rc8 33. Qa4 $15) 31. h4 Nf6 32. Kg2 Rd3 (32... Qd3 33. Qf3
(33. Ra8 e4) 33... Qc4 34. R1a4 $15) 33. R1a4 Re6 34. Qa8+ Kh7 35. Rd4 {[#]}
Ra6 $1 {This is real study-like move, although the game is far from over!} 36.
Qxa6 (36. Rxa6 exd4 37. cxd4 Nd5 $17 {with a tremendous attack on the weakened
light squares.}) 36... Qf3+ 37. Kg1 exd4 38. cxd4 Ng4 (38... Ne4 39. Ra1 Rxd4
$15) 39. Ra1 f5 $5 {Black wants to continue the attack, gaining back the d4 P
is not necessary.} (39... Rxd4 40. Qa3 Qf5 41. Qb2 $15) 40. Qd6 Qe2 41. Qf4 Rf3
42. Qd2 Qe4 43. Ra2 Rd3 44. Qc1 f4 $5 (44... Rxd4 $15) 45. Rd2 Rb3 (45... fxg3
46. Rxd3 (46. fxg3 $2 Qe3+ $19) 46... Qxd3 47. fxg3 Qxd4+ $11) 46. Qc2 Qxc2 47.
Rxc2 {White has repelled the attack an in the _|_ he has good chances for a
draw because of the limited material on one flank.} Rb1 48. Re2 f3 49. Re4 (49.
Re7 Rd1 50. Kf1 Kg6 $15) 49... h5 50. Kf1 Rd1 51. Rf4 Kg6 52. d5 (52. Re4)
52... Ne5 53. Re4 Kf6 54. Re3 Kf5 55. d6 $1 g6 56. d7 Rxd7 57. Bc3 $11 Rd1+ 58.
Re1 Rxe1+ 59. Kxe1 {[%mdl 4096] White can hope for an impregnable fortress.}
Ke4 60. Kf1 Nd3 61. Ba5 Kd4 62. Bb6+ Kc3 63. Ba7 Kd2 64. Bb6 Kd1 65. Ba7 Ne5
66. Bc5 Nc4 67. Bd4 Nd2+ 68. Kg1 Ke2 69. Ba7 Ne4 70. Bb6 Ke1 71. Ba5+ Ke2 72.
Bb6 g5 73. hxg5 Nxg5 74. Kh2 Kf1 75. g4 hxg4 76. Kg3 Ne4+ 77. Kxg4 Ke2 78. Kf4
Nxf2 79. Ba7 Nd1 80. Bd4 Nc3 81. Ba7 Nb5 82. Bg1 Nc7 83. Ke4 1/2-1/2

[Event "Olympiad-32"]
[Site "Yerevan"]
[Date "1996.09.18"]
[Round "3.1"]
[White "Motwani, Paul"]
[Black "Arencibia Rodriguez, Walter"]
[Result "1/2-1/2"]
[WhiteElo "2490"]
[BlackElo "2555"]
[Annotator "Makarichev,S"]
[PlyCount "49"]
[EventDate "1996.09.15"]
[EventType "team-swiss"]
[EventRounds "14"]
[EventCountry "ARM"]
[SourceTitle "CBM 055"]
[Source "ChessBase"]
[SourceDate "1996.12.01"]
[SourceVersion "1"]
[SourceVersionDate "1996.12.01"]
[SourceQuality "1"]
[WhiteTeam "Scotland"]
[BlackTeam "Cuba"]
[WhiteTeamCountry "SCO"]
[BlackTeamCountry "CUB"]

1. e4 e5 2. Nc3 Nf6 3. g3 d5 4. exd5 Nxd5 5. Bg2 Nxc3 6. bxc3 Bd6 7. Nf3 O-O 8.
O-O Nd7 (8... Nc6 $5 9. d4 Bd7 10. Rb1 Rb8 11. Re1 Re8 $10) 9. Re1 Re8 10. d4
exd4 11. Rxe8+ Qxe8 12. cxd4 Nf6 13. Bg5 Qd8 $5 (13... Ne4 $6 14. Qd3 $1 (14.
Qe2 $6 Bd7 $1 $10) 14... Bf5 15. Nh4 $1 $16) 14. c4 $40 h6 15. Bxf6 (15. Be3 $5
$14 c6 16. Qb3 Rb8 17. Rd1 $40 Be6 $140 $6 18. d5 $1 cxd5 19. cxd5 $16) 15...
Qxf6 16. c5 Bf8 17. Rb1 Be6 $2 (17... b6 $2 18. Ne5 Rb8 19. Nc6 Rb7 20. Qe2 $16
) (17... c6 $142 $5 18. Qa4 $14 (18. Ne5 $6 Bxc5 19. dxc5 Qxe5 20. Qd8+ Kh7 $13
)) 18. Rxb7 (18. d5 $2 Rd8 $1) 18... Bd5 19. Rxc7 $1 (19. Rb2 $2 Rd8 $15) 19...
Qd8 20. Ne5 $1 Bxg2 (20... Qxc7 $6 21. Bxd5 $16) 21. Rd7 Qe8 22. Kxg2 f6 23.
Qb3+ Kh7 24. Qd3+ (24. Qd5 $142 $1 $16 fxe5 25. c6 Rc8 (25... exd4 26. c7 $18
Be7 27. Qe4+) (25... Be7 26. c7 Bf6 27. dxe5 $18 Be7 (27... Bxe5 28. Rd8 $18)
28. Rxe7 $18) (25... Bb4 26. dxe5 $16) 26. c7 Be7 (26... Qg6 27. Rd8 Rxc7 (
27... Qf5 28. Qxe5 $1 $18) 28. Rxf8 Qc6 29. Qxc6 Rxc6 30. dxe5 $18) 27. Qe6 Bf6
28. Qxe8 $1 Rxe8 29. dxe5 $1 $18 Be7 (29... Bxe5 30. Rd8) (29... Bg5 30. f4)
30. Rxe7) 24... Kg8 25. Qb3+ 1/2-1/2

[Event "Bundesliga 0405"]
[Site "Germany"]
[Date "2004.11.28"]
[Round "3.1"]
[White "McShane, Luke J"]
[Black "Shirov, Alexei"]
[Result "1/2-1/2"]
[WhiteElo "2629"]
[BlackElo "2726"]
[Annotator "Meyer,CD"]
[PlyCount "99"]
[EventDate "2004.11.12"]
[EventType "team-tourn"]
[EventRounds "15"]
[EventCountry "GER"]
[SourceTitle "CBM 105"]
[Source "ChessBase"]
[SourceDate "2005.04.11"]
[SourceVersion "1"]
[SourceVersionDate "2005.04.11"]
[SourceQuality "1"]
[WhiteTeam "Werder Bremen"]
[BlackTeam "Baden Oos"]
[WhiteTeamCountry "GER"]
[BlackTeamCountry "GER"]

1. e4 e5 2. Nc3 Nf6 3. g3 {Diese "geschlossene Variante der Wiener Partie" ist
eine solide, zurückhaltende Eröffnung, die gerade gegen einen
unternehmungslustigen Spieler eine gute Wahl sein mag.} Bc5 ({Eine Alternative
ist} 3... d5 4. exd5 Nxd5 5. Bg2 Nxc3 6. bxc3 Bc5 {/Ld6. Mit dem Textzug
verlagert sich das Hauptkampfgeschehen nach einigen positionellen Manövern ins
Mittelspiel.}) 4. Bg2 Nc6 ({Eher durchwachsene Erfahrungen hat McShane mit} 
4... c6 5. d3 d5 6. Qe2 {(remis/83, McShane - Morozevich, Biel 2004), und}) (
4... d6 5. Nge2 a6 6. d4 exd4 7. Nxd4 {(remis/34, McShane - Sokolov, I.,
Selfoss 2002), gemacht.}) 5. d3 a6 {Um die Stellung des Läufers auf der
Schrägen a7-g1 (gegen evtl. Na4) zu sichern, investiert Schwarz eine Tempo.} 6.
h3 {Ebenfalls eine Prophylaxe, hier gegen mögliches Ng4 gerichtet.} d6 7. Nge2
Be6 8. Nd5 ({Oder z.B.} 8. O-O O-O (8... h6 9. Be3 (9. Nd5 Bxd5 10. exd5 Ne7
11. d4 exd4 12. Nxd4 O-O 13. Nb3 Bb6 $11) 9... Bxe3 10. fxe3 O-O $11) (8... Qd7
$5 9. Kh2 h5 10. Nd5 O-O-O $6 {1/2-1/2 Morozevich,A-Almasi,Z/Istanbul 2000} (
10... Bxd5 $1 11. exd5 Ne7)) 9. Nd5 Bxd5 10. exd5 Nd4 $11 {, CBM/Lukacs}) 8...
Bxd5 9. exd5 Ne7 $6 (9... Nd4 $142 {nebst weiterem Tausch war im
Ausgleichssinne die gegebene Fortsetzung.}) 10. Bg5 $1 Nd7 (10... h6 $6 11.
Bxf6 gxf6 12. d4 Bb6 13. Qd3 $14) 11. c3 h6 12. Bd2 Nf6 13. Qb3 Bb6 (13... O-O
14. O-O (14. Qxb7 $4 Bb6) 14... Qd7) 14. O-O O-O 15. Kh2 Re8 16. Rae1 Qd7 17.
c4 Nf5 18. Bc3 $14 Re7 $6 {Um nach (einem Tausch auf d4 nebst) Öffnung der
e-Linie die Türme gleich verdoppeln zu können. Dieser Plan hat aber einen
Haken, weswegen Schwarz auch bei nächster Gelegenheit davon abweichen wird.
Alternativen, z.B.:} ({I Sofortiges} 18... Nd4 $6 {überläßt Weiß nach} 19. Nxd4
exd4 (19... Bxd4 {gibt den Pb7 ab.}) 20. Bd2 $16 {einen komfortablen
Positionsvorteil (ץb6):} Qf5 21. g4) ({II Das prophylaktische} 18... Rab8 {
erscheint okay. Falls darauf} 19. g4 {, so folgt} Nd4 (19... Nh4) 20. Nxd4 Bxd4
21. Bxd4 exd4 $13 {/=}) ({III Vielleicht ist sogar} 18... h5 {spielbar:} 19.
Qd1 (19. Bd2 e4) 19... h4 20. g4 Nd4) 19. g4 $1 Nh4 (19... Nd4 $4 {gibt
Schwarz hier nach} 20. Nxd4 exd4 21. Bd2 Rae8 22. Qd1 Rxe1 23. Rxe1 Rxe1 24.
Qxe1 $16 {/+- (^^ קd4 ץb6) ein miserables, wahrscheinlich verlorenes
Endspiel.}) 20. Ng3 Nh7 ({Der Einschub von} 20... Rae8 {kam auch in Betracht:}
21. Ne4 (21. Bd2 Nh7 $14) 21... Nh7 $14) 21. Be4 {[#]} g6 $2 ({Erweist sich
als fatale Schwächung des Königsflügels, zumal der Zutritt auf das Feld f5
wegen einer taktischen Finesse nicht verwehrt bleibt! Nach dem konsequenten} 
21... Ng5 $5 {ergreift Weiß mit dem gegebenen Hebel f4 zwar in jedem Fall die
Initiative, z.B.} 22. Qd1 Rae8 (22... Ng6 23. Bf5 (23. Nf5 Ree8 24. f4 $5)
23... Qd8 24. Bxg6 fxg6 25. f4) 23. f4 Nxe4 24. dxe4 exf4 25. Rxf4 Ng6 26. Rff1
f6 {, aber dennoch bleibt die schwarze Stellung robust:} 27. Qd2 (27. Bxf6 $6
gxf6 28. Nh5 Rf8 29. Nxf6+ Rxf6 30. Rxf6 Qe8 31. Qd3 Rg7 32. Ref1 Qe5+ $15) (
27. Nh5 Rf7 $13 (27... Rxe4 28. Bxf6)) 27... Ne5 28. Nf5 Rf7 29. b3 Kh7 $14)
22. f4 exf4 23. Rxf4 Rae8 (23... Ng5 24. Qd1 Ree8 25. Bf6 $16) 24. Qd1 c6 25.
Nf5 $3 {[#] Ein überraschendes, bärenstarkes Enteropfer trifft plötzlich
mitten ins Herz der schwarzen Stellung.} Nxf5 ({Die Annahme} 25... gxf5 $2 {
führt nach} 26. gxf5 $18 {mit der Öffnung etlicher Angriffsschleusen
schnurstracks in den Orkus.}) 26. gxf5 cxd5 (26... Ng5 {ist beispielsweise
wegen} 27. Qg4 $5 (27. Bf6 $5) (27. Rh4 $5) 27... cxd5 28. cxd5 Nxe4 (28... Bd8
29. h4 Nxe4 30. dxe4 $18) 29. dxe4 Kh7 30. Bf6 $18 {indiskutabel.}) 27. cxd5 g5
{[#]} 28. Rff1 $4 ({Schade! Das resolute (und nicht so fern liegende)} 28. f6
$1 $40 {+- hätte einen spaltenden Keil ins feindliche Lager geschlagen und die
Schlacht sofort entschieden. Ein Ende mit Pauken und Trompeten wäre dann} gxf4
(28... Re5 29. Rff1 Bd8 30. Bxe5 Rxe5 31. d4 Re8 32. Bxh7+ Kxh7 33. Qd3+ Kh8
34. Qf5 {usw. +-}) 29. fxe7 Bf2 (29... Rxe7 30. Qh5) 30. Qh5 Rxe7 (30... Bxe1
31. Bxh7+ Kxh7 32. Qxf7#) 31. Qxh6 f5 32. Bxf5) 28... f6 $8 {Glücklich, mit
einem blauen Auge davon gekommen zu sein, macht Shirov seinen Laden sofort
wieder dicht.} 29. Qh5 {Erobert zwar einen Bauern, aber stellt die Dame auch
eine Zeitlang ins Abseits.} Rg7 30. Qxh6 (30. Re2 $6 Qf7 $1 31. Qxh6 Bd8 {
(/\Nf8, Rh7)} 32. Bf3 Rxe2+ 33. Bxe2 Qxd5) 30... Rf8 (30... Qf7 31. Bf3 (31.
Kg2 $5 {/\} Bd8 32. Bf3 $1) 31... Re3 32. Rxe3 Bxe3 33. Re1 Bf4+ (33... g4 $2
34. Qxe3 gxf3 35. Qxf3 $18) 34. Kh1 (34. Kg2 g4 35. Qxf4 gxf3+ 36. Kxf3 Qh5+
37. Ke3 Qxh3+ 38. Kd2 Qg2+ 39. Kc1 Qxd5) 34... g4 35. Qxf4 gxf3 36. Re3 Ng5 (
36... Qxd5 37. Qxf3 Qxf3+ 38. Rxf3 $16) 37. h4 $16 {mit heftigen Verwicklungen,
die gute Nerven und etwas Bedenkzeit bedürfen.}) 31. Bf3 $6 {Freilich mit dem
Plan Re6, der aber leicht durchkreuzt wird. Kritisch war hingegen} (31. Re2 $1)
31... Qb5 (31... Qxf5 $4 32. Be4 Qd7 33. Bf5 Qd8 34. Bxf6 $18) 32. Be4 Ba5 33.
Re2 Bxc3 34. bxc3 Qc5 35. c4 b5 36. cxb5 axb5 37. Rfe1 g4 $6 {Nachdem es
Shirov gelungen ist, sich mit dem Tausch der schwarzfeldrigen Läufer zu
entlasten, bläst er gleich übermütig zum Befreiungsschlag.} 38. h4 $2 {Vergibt
die zweite Großchance und gerät überdies in eine Falle.} ({I} 38. hxg4 $2 Ng5
39. Kg2 Rh7 40. Qg6+ Rg7 41. Qh5 Rh7 $11) ({II} 38. Rg1 $1 $16 {hätte noch
beträchtlichen Vorteil festgehalten, z.B.} Ng5 39. Rxg4 Rh7 40. Rxg5+ fxg5 41.
Qg6+ Rg7 (41... Kh8 $2 42. f6 $18) 42. Qe6+ Rgf7 43. Rg2 Qe3 44. Qxd6 $16 {/+-}
) 38... Ng5 $1 {[#] Shirov revanchiert sich mit einem Springer-Scheinopfer,
das McShane kurz vor der Zeitkontrolle aus dem Konzept bringt.} 39. Rg2 $6 ({
Der falsche Turm! Danach gerät Weiß sogar noch in Schwierigkeiten.
Alternativen, z.B.: I} 39. Rg1 $5 {wäre stärker gewesen:} Qd4 (39... Nxe4 $2
40. dxe4 Qc4 41. Reg2 Qxe4 42. Qxg7+ Kxg7 43. Rxg4+ Qxg4 44. Rxg4+ Kh7 45. a4
$16) (39... Rh7 $2 40. Qg6+ Rg7 41. Qh5 Rff7 42. Rxg4 (42. Qxg4 $4 Nh7) 42...
Rh7 43. Qg6+ Rhg7 44. hxg5 $1 Qc3 (44... Rxg6 45. fxg6 $18 Rf8 46. g7 Kxg7 47.
gxf6+) 45. gxf6 Rxg6 46. fxg6 $1 Rxf6 47. g7 $18) (39... g3+ 40. Rxg3 Rh7 41.
Qg6+ Kh8 $1 42. Rg4 Qc8 43. Kg3 Rg7 44. Qh6+ Rh7 45. hxg5 Rxh6 46. gxh6 Qc1 $13
{/=}) (39... Nh3 40. Rg3 Rh7 41. Rxg4+ Ng5 42. hxg5 Rxh6+ 43. gxh6+ Kh8 44. Rg6
$13 {/=}) 40. Rxg4 ({auch} 40. hxg5 Rh7 41. Qxh7+ Kxh7 42. Rxg4) 40... Rh7 41.
hxg5 (41. Qg6+ Rg7 (41... Kh8 $2 42. Kg2 Rg8 43. hxg5 Rxg6 44. fxg6 $18)) 41...
Rxh6+ 42. gxh6+ Kh8 43. Rg6 $13 {/=}) ({II} 39. hxg5 Rh7 40. Qxh7+ Kxh7 41. Kg3
fxg5 42. Kxg4 Kg7 43. Kxg5 Qd4 44. Rh1 Rg8 45. Rh6 $13) 39... g3+ $1 40. Kh1 ({
Im Gegensatz zur Variante mit 39.Rg3 scheitert hier das wünschenswerte} 40.
Rxg3 {offensichtlich an} Qf2+) 40... Rh7 41. hxg5 $1 {Zieht im rechten Moment
die Notbremse.} fxg5 42. Qxh7+ Kxh7 43. Rxg3 {[#]} Kg7 ({Oder} 43... Qf2 $5 {
, z.B.} 44. Reg1 Kg7 (44... Qxa2 $2 45. Rxg5 Qe2 46. f6+ Kh8 47. f7 $18) 45.
Rxg5+ Kf6 46. Rh5 Ke5 ({Nach} 46... Qxa2 {muß die Verteidigungsressource} 47.
d4 $8 {gefunden werden:} (47. Rh2 $2 Qa7 48. Rh6+ Ke5 49. Re6+ Kd4 $19) 47...
Kf7 48. Rh7+ (48. Rh6 $2 Qe2 $1 $19) 48... Ke8 49. Rc1 Kd8 50. Rcc7 $11 {, z.B.
} Rh8 51. Rcd7+ Kc8 52. Rc7+ Kb8 53. Rb7+ Kc8 $8) 47. Rh2 Qf4 $15 {, und auch
in dieser Stellung kommt Schwarz vermutlich nicht weiter.}) 44. Rxg5+ Kf7 $6 (
44... Kf6 $142 45. Rh5 (45. Rg6+ $2 Ke5) 45... Qf2 (45... Rg8) 46. Rg1 {
wie in der vorigen Variante}) 45. Rh5 Qc3 $6 (45... Qf2 $142 {Etwaige
Gewinnversuche können m. E. nur darin bestehen, den Turm f8 vorerst auf dem
Brett zu behalten und ein Spiel gegen den weißen König und den schwachen
Bauern a2 zu kombinieren.}) 46. Rf1 Rh8 $6 47. Rxh8 Qxh8+ 48. Kg2 $11 Kf6 49.
Rf3 Qh6 50. Rf2 1/2-1/2

[Event "Dortmund Sparkassen GM"]
[Site "Dortmund"]
[Date "1998.??.??"]
[Round "?"]
[White "Glek, Igor Vladimirovich"]
[Black "Mikhalchishin, Adrian"]
[Result "0-1"]
[WhiteElo "2565"]
[BlackElo "2530"]
[Annotator "Mikhalchishin,A"]
[PlyCount "70"]
[EventDate "1998.06.??"]
[EventType "tourn"]
[EventRounds "9"]
[EventCountry "GER"]
[EventCategory "6"]
[SourceTitle "EXT 1999"]
[Source "ChessBase"]
[SourceDate "1998.11.16"]
[SourceVersion "1"]
[SourceVersionDate "1998.11.16"]
[SourceQuality "1"]

1. e4 e5 2. Nf3 Nf6 3. Nc3 Nc6 4. g3 Bc5 5. Bg2 d6 6. d3 a6 7. h3 h6 8. Nh4 $5
(8. Be3 $5) 8... Be6 $1 (8... Nd4 $5 9. Ne2 g5 $5 (9... d5 $5 10. Nxd4 Bxd4 11.
c3 Bb6 $13 {Mikhalchishin}) 10. Nxd4 Bxd4 11. Nf3 Bb6 12. c3 Be6 13. Qe2 Qd7
14. d4 $14 {Glek-Strater,Dortmund 1988}) 9. Nf5 (9. Nd5 Bxd5 10. exd5 Ne7 11.
c4 c6 12. dxc6 bxc6 13. O-O Qb6 $15) 9... Bxf5 10. exf5 Qd7 11. g4 (11. Ne4 $5
Qxf5 12. Nxc5 dxc5 13. Bxc6+ bxc6 14. Be3 $44) 11... d5 (11... O-O-O $2 12. Ne4
$1 Nxe4 13. dxe4 $16) 12. Ne2 O-O-O (12... h5 $5) (12... g6 $5) 13. O-O (13. c3
d4 $1 14. c4 e4 $1 15. dxe4 d3 16. Nc3 Nb4 $19) 13... h5 $1 (13... g6 $5 14. g5
hxg5 15. Bxg5 Be7) 14. g5 (14. Ng3 hxg4 15. hxg4 Rh4 $1 16. Bg5 Rxg4 17. Bxf6
Rxg3 18. Bxd8 Qxd8 {->}) 14... Nh7 (14... Ne8 $5) 15. c3 (15. h4 Qxf5 16. Kh2
Kb8 17. Bh3 Qf3 $17) 15... Qxf5 16. Ng3 Qe6 (16... Qg6 17. Qxh5 Qxd3 18. Qg4+
Kb8 19. Rd1 Qc2 20. Rd2 $13) 17. d4 (17. Qxh5 Be7 $1 {/\ Ng5-/+}) (17. Nxh5 g6
18. Ng3 Be7 19. h4 Nf8 $17) 17... exd4 18. Nxh5 Kb8 $1 $17 19. Re1 Qd7 20. h4 (
20. Nxg7 Rdg8 21. Nh5 Nxg5 22. Nf6 Nxh3+ 23. Kf1 Qf5 $19) 20... Nf8 21. Bf4 Ng6
22. Bg3 f5 $1 23. gxf6 gxf6 24. Rc1 d3 $1 25. Qxd3 Nxh4 (25... Qf7 $1 $17) 26.
Nxf6 (26. Bxh4 Rxh5 27. Bxf6 Rg8 $19) 26... Qf7 27. Bxh4 Rxh4 28. Qf5 Rd6 $1
$19 (28... Rh6 29. Re6 $1 Be7 $2 30. Nd7+) 29. Re8+ Ka7 30. Qc8 Rxf6 31. Qa8+
Kb6 32. b4 Bxf2+ 33. Kf1 Bg3+ 34. Ke2 Rf2+ 35. Kd1 Qh5+ 0-1